<?xml version="1.0" encoding="UTF-8"?>
<record
    xmlns:xsi="http://www.w3.org/2001/XMLSchema-instance"
    xsi:schemaLocation="http://www.loc.gov/MARC21/slim http://www.loc.gov/standards/marcxml/schema/MARC21slim.xsd"
    xmlns="http://www.loc.gov/MARC21/slim">

  <leader>01129nam0a2200265   4500</leader>
  <controlfield tag="001">RU\NLR\BIBL_A\010971906</controlfield>
  <controlfield tag="005">20250624204431.0</controlfield>
  <datafield tag="035" ind1=" " ind2=" ">
    <subfield code="a">(NLR Aleph) 010971906</subfield>
  </datafield>
  <datafield tag="090" ind1=" " ind2=" ">
    <subfield code="a">10826826</subfield>
    <subfield code="c">10826826</subfield>
  </datafield>
  <datafield tag="100" ind1=" " ind2=" ">
    <subfield code="a">20160204d1949    |||y0rusy50      ca</subfield>
  </datafield>
  <datafield tag="101" ind1="0" ind2=" ">
    <subfield code="a">alt</subfield>
  </datafield>
  <datafield tag="102" ind1=" " ind2=" ">
    <subfield code="a">RU</subfield>
  </datafield>
  <datafield tag="105" ind1=" " ind2=" ">
    <subfield code="a">y   z   000 y</subfield>
  </datafield>
  <datafield tag="200" ind1="1" ind2=" ">
    <subfield code="a">&#x421;&#x421;&#x421;&#x420; &#x43B;&#x435; &#x43A;&#x430;&#x43F;&#x438;&#x442;&#x430;&#x43B;&#x438;&#x441;&#x442;&#x438;&#x447;&#x435;&#x441;&#x43A;&#x438;&#x439; &#x442;&#x435;&#x43B;&#x435;&#x43A;&#x435;&#x439;</subfield>
    <subfield code="e">4-&#x447;&#x438; &#x442;&#x435;&#x43C;&#x430; &#x430;&#x439;&#x44B;&#x43D;&#x447;&#x430; &#x43C;&#x430;&#x442;&#x435;&#x440;&#x438;&#x430;&#x43B;&#x434;&#x430;&#x440;</subfield>
    <subfield code="f">&#x41F;&#x43E;&#x43B;&#x438;&#x442;&#x448;&#x43A;&#x43E;&#x43B;&#x434;&#x43E;&#x440;&#x434;&#x43E; &#x4F1;&#x440;&#x435;&#x43D;&#x438;&#x43F; &#x442;&#x443;&#x440;&#x433;&#x430;&#x43D;&#x434;&#x430;&#x440;&#x433;&#x430;&#x431;&#x43E;&#x43B;&#x443;&#x448;&#x442;&#x443; &#x431;&#x438;&#x447;&#x438;&#x43A;</subfield>
    <subfield code="g">[&#x43E;&#x442;&#x432;. &#x440;&#x435;&#x43B;. &#x421;. &#x421;. &#x41A;&#x430;&#x442;&#x430;&#x448;]</subfield>
  </datafield>
  <datafield tag="210" ind1=" " ind2=" ">
    <subfield code="a">&#x413;&#x43E;&#x440;&#x43D;&#x43E;-&#x410;&#x43B;&#x442;&#x430;&#x439;&#x441;&#x43A;</subfield>
    <subfield code="c">&#x41E;&#x431;&#x43B;&#x43D;&#x430;&#x446;&#x438;&#x437;&#x434;&#x430;&#x442;</subfield>
    <subfield code="d">1949</subfield>
  </datafield>
  <datafield tag="215" ind1=" " ind2=" ">
    <subfield code="a">40,[1] &#x441;.</subfield>
    <subfield code="d">21</subfield>
  </datafield>
  <datafield tag="320" ind1=" " ind2=" ">
    <subfield code="a">&#x411;&#x438;&#x431;&#x43B;&#x438;&#x43E;&#x433;&#x440;. &#x432; &#x43F;&#x43E;&#x434;&#x441;&#x442;&#x440;&#x43E;&#x447;. &#x43F;&#x440;&#x438;&#x43C;&#x435;&#x447;.</subfield>
  </datafield>
  <datafield tag="541" ind1="1" ind2=" ">
    <subfield code="a">&#x421;&#x421;&#x421;&#x420; &#x438; &#x43A;&#x430;&#x43F;&#x438;&#x442;&#x430;&#x43B;&#x438;&#x441;&#x442;&#x438;&#x447;&#x435;&#x441;&#x43A;&#x438;&#x439; &#x43C;&#x438;&#x440;</subfield>
    <subfield code="z">rus</subfield>
  </datafield>
  <datafield tag="607" ind1=" " ind2=" ">
    <subfield code="a">&#x421;&#x421;&#x421;&#x420;</subfield>
    <subfield code="x">&#x438; &#x43A;&#x430;&#x43F;&#x438;&#x442;&#x430;&#x43B;&#x438;&#x441;&#x442;&#x438;&#x447;&#x435;&#x441;&#x43A;&#x438;&#x439; &#x43C;&#x438;&#x440;</subfield>
    <subfield code="9">1691550</subfield>
    <subfield code="3">RU\NLR\AUTH\661050457</subfield>
  </datafield>
  <datafield tag="686" ind1="1" ind2=" ">
    <subfield code="a">&#x424;4(2)3</subfield>
  </datafield>
  <datafield tag="702" ind1=" " ind2="1">
    <subfield code="a">&#x41A;&#x430;&#x442;&#x430;&#x448;</subfield>
    <subfield code="b">&#x421;.&#x421;.</subfield>
    <subfield code="f">1925-</subfield>
    <subfield code="g">&#x421;&#x435;&#x440;&#x433;&#x435;&#x439; &#x421;&#x435;&#x440;&#x433;&#x435;&#x435;&#x432;&#x438;&#x447;</subfield>
    <subfield code="4">340</subfield>
  </datafield>
  <datafield tag="852" ind1=" " ind2=" ">
    <subfield code="a">NLR</subfield>
    <subfield code="b">&#x41E;&#x41D;&#x41B;</subfield>
    <subfield code="j">&#x410;&#x43B;&#x442;./3-117</subfield>
  </datafield>
  <datafield tag="942" ind1=" " ind2=" ">
    <subfield code="c">BOOK</subfield>
  </datafield>
  <datafield tag="980" ind1=" " ind2=" ">
    <subfield code="a">NB</subfield>
  </datafield>
  <datafield tag="995" ind1=" " ind2=" ">
    <subfield code="5">2016-02-04</subfield>
    <subfield code="a">ad</subfield>
    <subfield code="b">NLR01</subfield>
    <subfield code="c">NLR01</subfield>
    <subfield code="e">ONL</subfield>
    <subfield code="f">1-925593</subfield>
    <subfield code="k">&#x41E;&#x41D;&#x41B; &#x410;&#x43B;&#x442;./3-117</subfield>
    <subfield code="o">0</subfield>
    <subfield code="p">0.00</subfield>
    <subfield code="r">BOOK</subfield>
    <subfield code="s">_3117</subfield>
  </datafield>
</record>
